000 00438pab a2200169 454500
008 180718b2013 xxu||||| |||| 00| 0 eng d
100 _aDavid, Kumar
245 _aModalities of an emergent dictatorship
260 _c2013
300 _ap.30-33.
362 _aFeb
650 _aSri Lanka - Politics and government
650 _aPolitics and government
773 _aEconomic and Political Weekly
908 _aN
909 _a102335
999 _c102333
_d102333